Billboard Hot 100 Top 100 Songs of February 13, 2016 - Statistics

General Stats
  • This quiz has been taken 29 times
  • The average score is 31 of 110
Answer Stats
Position Artist Answer % Correct
#2 Justin Bieber Sorry
100%
#4 Adele Hello
92%
#1 Justin Bieber Love Yourself
85%
#14 Drake Hotline Bling
81%
#3 twenty one pilots Stressed Out
77%
#9 (DEBUT) Rihanna ft. Drake Work
77%
#17 Justin Bieber What Do You Mean
73%
#7 Selena Gomez Hands To Myself
69%
#12 G-Eazy ft. Bebe Rexha Me, Myself and I
69%
#5 Flo Rida My House
69%
#41 Wiz Khalifa ft. Charlie Puth See You Again
69%
#11 Shawn Mendes Stitches
69%
#21 The Weeknd The Hills
69%
#35 The Weeknd Can't Feel My Face
65%
#18 DNCE Cake By The Ocean
62%
#15 Meghan Trainor ft. John Legend Like I'm Gonna Lose You
58%
#22 Charlie Puth One Call Away
58%
#6 The Chainsmokers ft. ROZES Roses
58%
#39 Silento Watch Me
58%
#57 Lukas Graham 7 Years
50%
#36 Major Lazer & Dj Snake ft. MO Lean On
50%
FALLOFF (#48) R.City ft. Adam Levine Locked Away
50%
#8 Selena Gomez Same Old Love
50%
#28 Fetty Wap ft. Remy Boyz 679
46%
#16 Bryson Tiller Don't
46%
#10 Alessia Cara Here
46%
#25 Shawn Mendes & Camila Cabello I Know What You Did Last Summer
46%
#23 Travi$ Scott Antidote
42%
#47 Demi Lovato Confident
42%
#31 Elle King Ex's And Oh's
38%
#24 Daya Hideaway
38%
#13 The Weeknd In The Night
38%
#37 Rachel Platten Stand By You
38%
#29 Adele When We Were Young
38%
#34 Taylor Swift Wildest Dreams
38%
#89 Ariana Grande Focus
35%
#20 Drake & Future Jumpman
35%
#59 Mike Posner I Took A Pill In Ibiza
31%
#75 James Bay Let It Go
31%
#45 Coldplay Adventure Of A Lifetime
27%
#33 Yo Gatti Down In The DM
27%
#32 Ellie Goulding On My Mind
27%
#67 Kevin Gates 2 Phones
23%
#46 Fetty Wap Again
23%
#80 Lil Dicky ft. Fetty Wap & Rich Homie Quan $ave Dat Money
23%
#26 Thomas Rhett Die A Happy Man
23%
#52 Jason Derulo Get Ugly
23%
#88 Dj Snake ft. Bipolar Sunshine Middle
23%
#53 Jeremih oui
23%
#44 Taylor Swift Out Of The Woods
23%
#43 One Direction Perfect
23%
#84 Missy Elliott ft. Pharrell Williams WTF (Where They From)
23%
#48 Chris Brown Back To Sleep
19%
#56 (DEBUT) Wiz Khalifa ft. Travis Scott Bake Sale
19%
#71 Drake & Future Big Rings
19%
#30 Sam Hunt Break Up In A Small Town
19%
#40 Bryson Tiller Exchange
19%
#70 Andy Grammar Good To Be Alive (Hallelujah)
19%
#92 Big Sean ft. Chris Brown & Ty Dolla $ign Play No Games
19%
#82 Kevin Gates Really Really
19%
#27 Tory Lanez Say It
19%
#74 Nelly ft. Jeremih The Fix
19%
#83 DeJ Loaf ft. Big Sean Back Up
15%
#79 David Guetta ft. Sia & Fetty Wap Bang My Head
15%
#97 Curren$Y ft. August Alsina & Lil Wayne Bottom Of The Bottle
15%
FALLOFF (#97) Rae Sremmurd Come Get Her
15%
#58 Carrie Underwood Heartbeat
15%
#51 Fall Out Boy ft. Demi Lovato Irresistible
15%
#42 J Cole No Role Modelz
15%
#54 Robin Schulz ft. Fransisco Yates Sugar
15%
FALLOFF (#89) Panic At The Disco! Victorious
15%
#64 2 Chainz Watch Out
15%
#19 Post Malone White Iversion
15%
FALLOFF (#92) Panic At The Disco! Death Of A Bachelor
12%
#96 Panic At The Disco! Emperor's New Clothes
12%
#86 Tori Kelly Hollow
12%
FALLOFF (#75) Justin Bieber I'll Show You
12%
FALLOFF (#93) Rudimental ft. Ed Sheeran Lay It All On Me
12%
FALLOFF (#98) ILoveMemphis Lean And Dabb
12%
#91 (DEBUT) Maren Morris My Church
12%
FALLOFF (#87) Halsey New Americana
12%
FALLOFF (#94) Drake Right Hand
12%
#99 The Weeknd Acquainted
8%
#55 Granger Smith Backroad Song
8%
#49 Young Thug Best Friend
8%
#90 Dawin ft. Silento Dessert
8%
#62 Brett Eldredge Drunk On Your Love
8%
#38 Luke Bryan ft. Karen Fairchild Home Alone Tonight
8%
#95 (DEBUT) Tim Mcgraw Humble And Kind
8%
#85 Eric Church Mr. Misunderstood
8%
#100 (DEBUT) Old Dominion Snapback
8%
#81 (DEBUT) Ellie Goulding Something In The Way You Move
8%
#77 Bryson Tiller Sorry Not Sorry
8%
#63 Zac Brown Band Beautiful Drug
4%
#78 DLOW Bet You Can't Do It Like Me
4%
#61 Keith Urban Break On Me
4%
#69 Florida Georgia Line Confession
4%
#94 (DEBUT) Brad Paisley Country Nation
4%
#66 Kelsea Ballerini Dibs
4%
FALLOFF (#99) J Balvin Ginza
4%
#93 Jason Aldean Gonna Know We Were Here
4%
#73 Jana Kramer I Got The Boy
4%
#87 (DEBUT) Rascal Flatts I Like The Sound Of That
4%
#68 LoCash I Love This Life
4%
#76 Chris Stapleton Nobody To Blame
4%
#98 (DEBUT) Dierks Bentley Somewhere On A Beach
4%
#50 Brothers Osborne Stay A Little Longer
4%
#65 Empire Of The Sun Walking On A Dream
4%
#72 Randy Houser We Went
4%
#60 Cole Swindell You Should Be Here
4%
No matching quizzes found
Score Distribution
Percent of People with Each Score
Percentile by Number Answered
Your Score History
You have not taken this quiz